Inward Remittances 2009 (Record no. 10708)

MARC details
000 -LEADER
fixed length control field 00354nam a22001337a 4500
005 - DATE AND TIME OF LATEST TRANSACTION
control field 20170822175146.0
008 - FIXED-LENGTH DATA ELEMENTS--GENERAL INFORMATION
fixed length control field 160531b xxu||||| |||| 00| 0 eng d
040 ## - CATALOGING SOURCE
Modifying agency BSU
082 ## - DEWEY DECIMAL CLASSIFICATION NUMBER
Edition number 22
Classification number R330.9UGA
245 ## - TITLE STATEMENT
Title Inward Remittances 2009
Remainder of title Uganda:Workers' Remittances Report
260 ## - PUBLICATION, DISTRIBUTION, ETC. (IMPRINT)
Place of publication, distribution, etc Kampala
Name of publisher, distributor, etc UBOS
Date of publication, distribution, etc 2011
300 ## - PHYSICAL DESCRIPTION
Extent x,36p.
Dimensions 26 cm
942 ## - ADDED ENTRY ELEMENTS (KOHA)
Source of classification or shelving scheme Dewey Decimal Classification
Item type Periodicals
Holdings
Withdrawn status Lost status Source of classification or shelving scheme Damaged status Not for loan Collection code Home library Current library Shelving location Date acquired Source of acquisition Total Checkouts Full call number Barcode Date last seen Copy number Price effective from Koha item type
    Dewey Decimal Classification       Main Library Main Library Periodicals 31/05/2016 Donation   R330.9 UGA R105 31/05/2016 1 31/05/2016 Periodicals
    Dewey Decimal Classification       Main Library Main Library Periodicals 31/05/2016 Donation   R330.9UGA R106 31/05/2016 2 31/05/2016 Periodicals
    Dewey Decimal Classification       Main Library Main Library Periodicals 31/05/2016 Donation   R330.9UGA R107 31/05/2016 3 31/05/2016 Periodicals
    Dewey Decimal Classification       Main Library Main Library Periodicals 31/05/2016 Donation   R330.9UGA R108 31/05/2016 4 31/05/2016 Periodicals
    Dewey Decimal Classification       Main Library Main Library Periodicals 31/05/2016 Donation   R330.9UGA R109 31/05/2016 5 31/05/2016 Periodicals
    Dewey Decimal Classification       Main Library Main Library Periodicals 31/05/2016 Donation   R330.9UGA R110 31/05/2016 6 31/05/2016 Periodicals
    Dewey Decimal Classification       Main Library Main Library Periodicals 31/05/2016 Donation   R330.9UGA R111 31/05/2016 7 31/05/2016 Periodicals
    Dewey Decimal Classification       Main Library Main Library Periodicals 31/05/2016 Donation   R330.9UGA R112 31/05/2016 8 31/05/2016 Periodicals
    Dewey Decimal Classification       Main Library Main Library Periodicals 31/05/2016 Donation   R330.9UGA R113 31/05/2016 9 31/05/2016 Periodicals

© 2017 Bishop Stuart University Library. All Rights Reserved.
Kakoba Campus, Plot 150 Buremba Road | P.O. Box 9, Mbarara, UGANDA | Tel: +256-772-463068
Email: library@bsu.ac.ug